<?xml version="1.0" encoding="UTF-8"?>
<record
    xmlns:xsi="http://www.w3.org/2001/XMLSchema-instance"
    xsi:schemaLocation="http://www.loc.gov/MARC21/slim http://www.loc.gov/standards/marcxml/schema/MARC21slim.xsd"
    xmlns="http://www.loc.gov/MARC21/slim">

  <leader>00447nam a22001697a 4500</leader>
  <datafield tag="999" ind1=" " ind2=" ">
    <subfield code="c">6402</subfield>
    <subfield code="d">6400</subfield>
  </datafield>
  <controlfield tag="005">20210904103840.0</controlfield>
  <controlfield tag="008">200521b        xxu||||| |||| 00| 0 eng d</controlfield>
  <datafield tag="020" ind1=" " ind2=" ">
    <subfield code="a">9789380607863</subfield>
  </datafield>
  <datafield tag="041" ind1=" " ind2=" ">
    <subfield code="a">eng</subfield>
  </datafield>
  <datafield tag="082" ind1=" " ind2=" ">
    <subfield code="a">954.0072 BHA</subfield>
  </datafield>
  <datafield tag="100" ind1=" " ind2=" ">
    <subfield code="a">Bhattachary Sabyasachi</subfield>
    <subfield code="9">5715</subfield>
  </datafield>
  <datafield tag="245" ind1=" " ind2=" ">
    <subfield code="a">Approaches to History essays in Indian Historiography</subfield>
  </datafield>
  <datafield tag="260" ind1=" " ind2=" ">
    <subfield code="a">Delhi</subfield>
    <subfield code="b">ICHR Primus Books</subfield>
    <subfield code="c">2011</subfield>
  </datafield>
  <datafield tag="300" ind1=" " ind2=" ">
    <subfield code="a">966p.</subfield>
  </datafield>
  <datafield tag="650" ind1=" " ind2=" ">
    <subfield code="a">History</subfield>
    <subfield code="9">5708</subfield>
  </datafield>
  <datafield tag="942" ind1=" " ind2=" ">
    <subfield code="c">BK</subfield>
  </datafield>
  <datafield tag="952" ind1=" " ind2=" ">
    <subfield code="0">0</subfield>
    <subfield code="1">0</subfield>
    <subfield code="4">0</subfield>
    <subfield code="7">0</subfield>
    <subfield code="8">REF</subfield>
    <subfield code="a">JRU</subfield>
    <subfield code="b">JRU</subfield>
    <subfield code="c">SHELF-1-C</subfield>
    <subfield code="d">2020-06-02</subfield>
    <subfield code="e">PURCHASE</subfield>
    <subfield code="g">495.00</subfield>
    <subfield code="l">0</subfield>
    <subfield code="o">954.0072 BHA</subfield>
    <subfield code="p">24276</subfield>
    <subfield code="r">2020-05-21 00:00:00</subfield>
    <subfield code="w">2020-06-02</subfield>
    <subfield code="y">BK</subfield>
  </datafield>
  <datafield tag="952" ind1=" " ind2=" ">
    <subfield code="0">0</subfield>
    <subfield code="1">0</subfield>
    <subfield code="4">0</subfield>
    <subfield code="7">0</subfield>
    <subfield code="8">LAW</subfield>
    <subfield code="a">JRU</subfield>
    <subfield code="b">JRU</subfield>
    <subfield code="c">SHELF-30-A</subfield>
    <subfield code="d">2020-06-02</subfield>
    <subfield code="e">PURCHASE</subfield>
    <subfield code="g">495.00</subfield>
    <subfield code="l">0</subfield>
    <subfield code="o">954.0072 BHA</subfield>
    <subfield code="p">24277</subfield>
    <subfield code="r">2020-05-21 00:00:00</subfield>
    <subfield code="w">2020-06-02</subfield>
    <subfield code="y">BK</subfield>
  </datafield>
  <datafield tag="952" ind1=" " ind2=" ">
    <subfield code="0">0</subfield>
    <subfield code="1">0</subfield>
    <subfield code="4">0</subfield>
    <subfield code="7">0</subfield>
    <subfield code="8">LAW</subfield>
    <subfield code="a">JRU</subfield>
    <subfield code="b">JRU</subfield>
    <subfield code="c">SHELF-30-A</subfield>
    <subfield code="d">2020-06-02</subfield>
    <subfield code="e">PURCHASE</subfield>
    <subfield code="g">495.00</subfield>
    <subfield code="l">0</subfield>
    <subfield code="o">954.0072 BHA</subfield>
    <subfield code="p">24278</subfield>
    <subfield code="r">2020-05-21 00:00:00</subfield>
    <subfield code="w">2020-06-02</subfield>
    <subfield code="y">BK</subfield>
  </datafield>
  <datafield tag="952" ind1=" " ind2=" ">
    <subfield code="0">0</subfield>
    <subfield code="1">0</subfield>
    <subfield code="4">0</subfield>
    <subfield code="7">0</subfield>
    <subfield code="8">LAW</subfield>
    <subfield code="a">JRU</subfield>
    <subfield code="b">JRU</subfield>
    <subfield code="c">SHELF-30-A</subfield>
    <subfield code="d">2020-06-02</subfield>
    <subfield code="e">PURCHASE</subfield>
    <subfield code="g">495.00</subfield>
    <subfield code="l">1</subfield>
    <subfield code="o">954.0072 BHA</subfield>
    <subfield code="p">24279</subfield>
    <subfield code="r">2024-09-23 13:22:52</subfield>
    <subfield code="s">2024-09-11</subfield>
    <subfield code="w">2020-06-02</subfield>
    <subfield code="y">BK</subfield>
  </datafield>
  <datafield tag="952" ind1=" " ind2=" ">
    <subfield code="0">0</subfield>
    <subfield code="1">0</subfield>
    <subfield code="4">0</subfield>
    <subfield code="7">0</subfield>
    <subfield code="8">LAW</subfield>
    <subfield code="a">JRU</subfield>
    <subfield code="b">JRU</subfield>
    <subfield code="c">SHELF-30-A</subfield>
    <subfield code="d">2020-06-02</subfield>
    <subfield code="e">PURCHASE</subfield>
    <subfield code="g">495.00</subfield>
    <subfield code="l">1</subfield>
    <subfield code="o">954.0072 BHA</subfield>
    <subfield code="p">24280</subfield>
    <subfield code="r">2022-02-21 00:00:00</subfield>
    <subfield code="s">2022-02-17</subfield>
    <subfield code="w">2020-06-02</subfield>
    <subfield code="y">BK</subfield>
  </datafield>
</record>
